|
|
|
|
| LEADER |
00000nam0a2200000 4500 |
| 001 |
132950 |
| 005 |
20231101220411.0 |
| 010 |
|
|
|a 9785895300152
|
| 035 |
|
|
|a (RuTPU)RU\TPU\book\143964
|
| 090 |
|
|
|a 132950
|
| 100 |
|
|
|a 20080311d2007 m y0rusy50 ca
|
| 101 |
0 |
|
|a rus
|
| 102 |
|
|
|a RU
|
| 105 |
|
|
|a a j 001zy
|
| 200 |
1 |
|
|a Углеродные материалы и их физико-химические свойства
|f А. В. Романенко, П. А. Симонов
|
| 210 |
|
|
|a Москва
|c Калвис
|d 2007
|
| 215 |
|
|
|a 128 с.
|c ил.
|
| 225 |
1 |
|
|a Промышленный катализ в лекциях
|v Вып. 7
|
| 320 |
|
|
|a Библиогр.: с. 110.
|
| 330 |
|
|
|a В лекции рассмотрены строение и свойства широкого круга углеродных материалов, а также особенности применения химических и физико-химических методов к их изучению. Особое внимание уделено так называемым переходным формам углерода, которые представляют большой практический интерес в качестве сорбентов, носителей и катализаторов.
|
| 606 |
1 |
|
|a Углеродные материалы
|x Физические свойства
|2 stltpush
|3 (RuTPU)RU\TPU\subj\32307
|9 54897
|
| 610 |
1 |
|
|a физико-химические свойства
|
| 610 |
1 |
|
|a классификация
|
| 610 |
1 |
|
|a углеродные носители
|
| 610 |
1 |
|
|a исследование
|
| 610 |
1 |
|
|a применение
|
| 675 |
|
|
|a 661.666
|v 3
|
| 700 |
|
1 |
|a Романенко
|b А. В.
|g Анатолий Владимирович
|
| 701 |
|
1 |
|a Симонов
|b П. А.
|g Павел Анатольевич
|
| 801 |
|
1 |
|a RU
|b 63413507
|c 20080311
|g PSBO
|
| 801 |
|
2 |
|a RU
|b 63413507
|c 20150821
|g PSBO
|
| 900 |
|
|
|a Химическая технология горючих ископаемых
|
| 942 |
|
|
|c BK
|
| 959 |
|
|
|a 62/20090527
|d 5
|e 0
|f АНЛ:1
|f УФ:4
|